Ausfahrten der BAB 7 - Statistiken

Allgemein
  • Dieses Quiz wurde 42 mal gespielt
  • Das Durchschnittsergebnis liegt bei 35 aus 137
Antwortstatistiken
Ausfahrt % Korrekt
Flensburg
64%
Flensburg/Harrislee
64%
Göttingen
56%
Würzburg/Estenfeld
52%
Füssen
48%
Hildesheim
48%
Kassel-Nord
48%
Kirchheim
48%
Kreuz Hannover/Kirchhorst
48%
Rendsburg/Büdelsdorf
48%
Schleswig/Jagel
48%
Schleswig/Schuby
48%
Hann. Münden/Staufenberg-Lutterberg
44%
Hattenbacher Dreieck
44%
Kassel-Ost
44%
Kitzingen
44%
Kempten
40%
Kirchheimer Dreieck
40%
Kreuz Ulm/Elchingen
40%
Aalen/Oberkochen
36%
Aalen/Westhausen
36%
Ellwangen
36%
Fulda-Nord
36%
Kreuz Biebelried
36%
Kreuz Feuchtwangen/Crailsheim
36%
Northeim-West
36%
Rothenburg ob der Tauber
36%
Soltau-Ost
36%
Soltau-Süd
36%
Bad Brückenau/Wildflecken
32%
Bad Kissingen/Oberthulba
32%
Dreieck Fulda
32%
Dreieck Kassel-Süd
32%
Hamburg-Volkspark
32%
Illertissen
32%
Kreuz Hannover-Ost
32%
Kreuz Memmingen
32%
Maschener Kreuz
32%
Nörten-Hardenberg
32%
Northeim-Nord
32%
Bad Fallingbostel
28%
Bad Hersfeld-West
28%
Dreieck Allgäu
28%
Dreieck Walsrode
28%
Hamburg-Schnelsen
28%
Hamburg-Stellingen
28%
Hammelburg
28%
Hann. Münden-Hedemünden
28%
Heidenheim
28%
Kreuz Kassel-Mitte
28%
Melsungen
28%
Memmingen-Süd
28%
Nesselwang
28%
Neumünster-Mitte
28%
Neumünster-Nord
28%
Neumünster-Süd
28%
Seesen/Harz
28%
Bad Brückenau-Volkers
24%
Bispingen
24%
Dinkelsbühl/Fichtenau
24%
Dreieck Hannover-Nord
24%
Dreieck Hannover-Süd
24%
Dreieck Hittistetten
24%
Dreieck Salzgitter
24%
Feuchtwangen-West
24%
Fulda-Mitte
24%
Giengen/Herbrechtingen
24%
Gollhofen
24%
Gramschatzer Wald
24%
Guxhagen
24%
Hamburg-Heimfeld
24%
Horster Dreieck
24%
Kaltenkirchen
24%
Kreuz Rendsburg
24%
Kreuz Schweinfurt/Werneck
24%
Uffenheim/Langensteinach
24%
Altenstadt
20%
Bad Bramstedt
20%
Bad Grönenbach
20%
Berkheim
20%
Betzigau
20%
Bordesholm
20%
Derneburg/Salzgitter
20%
Dietmannsried
20%
Dreieck Drammetal
20%
Göttingen-Nord
20%
Hamburg-Bahrenfeld
20%
Hamburg-Othmarschen
20%
Hamburg-Schnelsen-Nord
20%
Hamburg-Waltershof
20%
Henstedt-Ulzburg
20%
Hünfeld/Schlitz
20%
Langenau
20%
Malsfeld
20%
Marktbreit
20%
Nersingen
20%
Niederaula
20%
Niederstotzingen
20%
Oy-Mittelberg
20%
Tarp
20%
Vöhringen
20%
Woringen
20%
Bad Windsheim
16%
Dettingen an der Iller
16%
Hannover-Anderten
16%
Kempten-Leubas
16%
Owschlag
16%
Quickborn
16%
Schwarmstedt
16%
Wasserlosen
16%
Wörnitz
16%
Berkhof
12%
Dreieck Bordesholm
12%
Dreieck Hamburg-Nordwest
12%
Dreieck Hamburg-Südwest
12%
Echte
12%
Egestorf
12%
Evendorf
12%
Garlstorf
12%
Hamburg-Hausbruch
12%
Hamburg-Marmstorf
12%
Hildesheim-Drispenstedt
12%
Laatzen
12%
Mellendorf
12%
Rhüden/Harz
12%
Bockenem
8%
Dorfmark
8%
Großburgwedel
8%
Großenaspe
8%
Seevetal-Fleestedt
8%
Seevetal-Ramelsloh
8%
Thieshope
8%
Altwarmbüchen
4%
Schneverdingen
4%
Warder
4%
Westenholz
4%
Bad Homberg (Efze)
0%
Keine übereinstimmenden Quizze gefunden
Verteilung der Resultate
Anzahl Personen mit jedem Resultat
Perzentil nach korrekt beantworteten Fragen
Ihre Resultats-Entwicklung
Sie haben dieses Quiz noch nicht gespielt